000 00217nam a22000977a 4500
041 _aeng
080 _a80
100 _aBorejsza, Jerzy W.
245 _aFaszyzmy europejskie (1922-1945) w ocz. wsp. i his
999 _c280894
_d280894
942 _cBK